Histoire des relations internationales : Tome cinquième, Le XIXe siècle. I, De 1815 à 1871 l'Europe des nationalités et l'éveil de nouveaux mondes /

محفوظ في:

المؤلف الرئيسي: Renouvin, Pierre, 1893-1974 (مؤلف)

التنسيق: كتاب

اللغة: French

منشور في: Paris : Hachette, 1954.

سلاسل: Histoire des relations internationales ; 5.

الموضوعات:

الوسوم: إضافة وسم

لا توجد وسوم, كن أول من يضع وسما على هذه التسجيلة!

رقم الطلب: D105 .R4 v.5

LEADER 00809namaa2200217 4500
001 21103
003 OSt
005 20251120133147.0
008 130303s1954 fr 000 0 fre d
040 |c ARCE Library 
050 4 |a D105 .R4 v.5 
100 1 |a Renouvin, Pierre,  |d 1893-1974,  |e author  |9 38364 
245 1 0 |a Histoire des relations internationales :  |b Tome cinquième, Le XIXe siècle. I, De 1815 à 1871 l'Europe des nationalités et l'éveil de nouveaux mondes /  |c par [et] sous la direction de Pierre Renouvin. 
264 1 |a Paris :   |b Hachette,   |c 1954. 
300 |a 1 vol. (421 p.) :   |b 5 cartes. ;   |c 23 cm. 
490 0 |a Histoire des relations internationales ;   |v 5. 
650 0 |a International relations   |x History. 
650 0 |a Diplomacy   |x History. 
901 |a reviewed 
942 |c BK  |2 lcc 
999 |c 18414  |d 18414